00620nam a2200157 a 450000100100000000500170001000800410002704000250006811001200009324500520021326000440026530000210030904900090033095201060033999900170044500003192020200930063301.0110707s2002 dr 000 0 spa d aDO-SdBNPbspacBNPHU1 aBanco Central de la República DominicanabDepartamento de Cuentas Nacionales y Estadísticas Económicas95485110aEstadística turísticas :benero-junio 2002. aSanto Domingo :bBanco Central.,c2002. a104 p. ;c29 cm. aBNPD 00107-18PDaPDbPDcOId2011-07-07iLF1l0o p31920-10r2020-06-25w2020-06-25yLFPDZNo se presta c31411d31411